Political bargaining : (Record no. 3638)
[ view plain ]
| 000 -LEADER | |
|---|---|
| fixed length control field | 00781nac a22002171u 4500 |
| 010 ## - LIBRARY OF CONGRESS CONTROL NUMBER | |
| LC control number | 75038837 |
| 020 ## - INTERNATIONAL STANDARD BOOK NUMBER | |
| International Standard Book Number | 0716705389. |
| -- | 0716705370 |
| 082 00 - DEWEY DECIMAL CLASSIFICATION NUMBER | |
| Classification number | 320 |
| Item number | R3621 |
| 090 ## - LOCALLY ASSIGNED LC-TYPE CALL NUMBER (OCLC); LOCAL CALL NUMBER (OCLC) | |
| -- | 3638 |
| -- | 3638 |
| 100 ## - MAIN ENTRY--PERSONAL NAME | |
| Personal name | Reilly, Thomas A., |
| 245 10 - TITLE STATEMENT | |
| Title | Political bargaining : |
| Remainder of title | an introduction to modern politics / |
| Statement of responsibility, etc | Thomas A. Reilly, Michael W. Sigall. |
| 260 ## - PUBLICATION, DISTRIBUTION, ETC. (IMPRINT) | |
| Place of publication, distribution, etc | San Francisco : |
| Name of publisher, distributor, etc | W. H. Freeman,1976 |
| Date of publication, distribution, etc | 1976. |
| 300 ## - PHYSICAL DESCRIPTION | |
| Extent | xviii, 182 p. ; |
| Dimensions | 22 cm. |
| 500 ## - GENERAL NOTE | |
| General note | Donations |
| 500 ## - GENERAL NOTE | |
| General note | Donations-Bibliotheca Alexandrina |
| 504 ## - BIBLIOGRAPHY, ETC. NOTE | |
| Bibliography, etc | Includes bibliographies and index. |
| 650 #0 - SUBJECT ADDED ENTRY--TOPICAL TERM | |
| Topical term or geographic name as entry element | Political science. |
| 700 1# - ADDED ENTRY--PERSONAL NAME | |
| Personal name | Sigall, Michael W., |
| 942 ## - ADDED ENTRY ELEMENTS (KOHA) | |
| Item type | Book - Borrowing |
| Call number prefix | 320R3621 |
| Withdrawn status | Item status | Source of classification or shelving scheme | Damaged status | Not for loan | Home library | Current library | Shelving location | Date acquired | Source of acquisition | Total Checkouts | Full call number | Barcode | Date last seen | Koha item type |
|---|---|---|---|---|---|---|---|---|---|---|---|---|---|---|
| Dewey Decimal Classification | Central Library | Central Library | First floor | 03/05/2007 | Purchase | 320 REI | 000030057 | 15/07/2025 | Book - Borrowing |